| 000 | 00000nam##2200000za#4500 |
| 001 | 9.640994 |
| 003 | CaOODSP |
| 005 | 20250506145323 |
| 007 | cr ||||||||||| |
| 008 | 150407|1986||||xxc|||||o f|0| 0 fre|d |
| 040 | |aCaOODSP|bfre |
| 043 | |an-cn--- |
| 086 | 1 |aA15-1799/1986F-PDF |
| 110 | 1 |aCanada.|bAgriculture Canada. |
| 245 | 10|aConsommation efficace de l'énergie dans les bâtiments d'élevage agricole / |h[ressource électronique]|c[par] Ralph G. Winfield et Marcel Lévesque. |
| 260 | |aOttawa - Ontario : |bAgriculture Canada |cc1986. |
| 300 | |a60p.|bfigures, glossaire, graphiques, références, tableaux, photographies |
| 500 | |aPublication 1799 F. Le n° de catalogue (A15-1799/1986F) et l'ISBN (0-662-93256-0) de l'édition imprimée ont été incorrectement copiés dans l'édition électronique. |
| 590 | |a12-42-Supp|b2012-11-21 |
| 691 | 07|aBâtiment agricole|2gcpds |
| 691 | 07|aGestion énergétique|2gcpds |
| 720 | 1 |aWinfield, Ralph G. |
| 720 | 1 |aLevesque, Marcel |
| 775 | 08|tGood energy management in farm livestock buildings / |w(CaOODSP)9.696915 |
| 856 | 40|ahttp://publications.gc.ca|qPDF|s4.33 Mo|uhttps://publications.gc.ca/collections/collection_2012/agr/A15-1799-1986-fra.pdf |